000 00876nam a2200241Ia 4500
003 GCL
008 140319s9999 xx 000 0 ara d
040 _aGCL /
_cGCL
082 0 4 _a321.8
_bب س
100 1 _aسمير عزت نصار (مترجم)
245 1 0 _aالسلوك الحضارى والمواطنة فى المجتمعات الديمقراطيةالليبرالية /
_cسمير عزت نصار (مترجم)
700 1 _aبانفيلد، ادوارد سى0
700 1 _aاحمد يعقوب المجدوبة
300 _a190 ص
490 _aالهيئة العامة للاستعلامات
_v0
650 0 4 _aالحقوق السياسية
650 0 4 _aالديمقراطية
650 0 4 _aالليبرالية
650 0 4 _aالعلوم السياسية
650 0 4 _aالسلوك الاجتماعى
650 0 4 _aالمواطنة
942 _2ddc
_cBK
999 _c47708
_d47708